00424nam a2200169Ia 450000500170000000800410001704000190005804100120007708200160008910000260010524500370013125000120016826000320018030000110021265000210022385000100024420241003092544.0131103s9999 xx 000 0 und d aLoreto College aEnglish a891.44bTAG aTagore, Rabindra Nath aSanchayitacRabindra Nath Tagore a7th ed. aCalcuttabBiswabhartic1969 a898p.  aBengali language aLCBED